[Event "AUTO-ADV-318"]
[Site "http://www.queenalice.com/game.php?id=226238"]
[Date "2007.6.16"]
[Round "2"]
[White "salso"]
[Black "giha"]
[Result "1/2-1/2"]
[WhiteElo "2036"]
[BlackElo "1843"]

1. e4 e5 2. f4 Bc5 3. Nf3 d6 4. Bc4 Qe7 5. Nc3 Nf6 6. fxe5 dxe5 7. d3 Nc6 8. Bg5
h6 9. Nd5 Qd6 10. Bxf6 gxf6 11. c3 Ne7 12. Qe2 Nxd5 13. exd5 Bg4 14. d4 Bxf3 15.
gxf3 Bb6 16. dxe5 fxe5 17. f4 f6 18. fxe5 fxe5 19. Qh5+ Ke7 20. O-O-O Be3+ 21.
Kb1 Raf8 22. Rhf1 Bf4 23. Rde1 Kd8 24. Qh4+ Bg5 25. Qe4 Rf4 26. Rxf4 Bxf4 27. h3
Rg8 28. Be2 Qg6 29. Qxg6 Rxg6 30. Bg4 Ke7 31. Kc2 Kd6 32. c4 c6 33. dxc6 Kxc6
34. b4 Rd6 35. Bf3+ Kc7 36. Rd1 Rd4 37. Rxd4 exd4 38. Kd3 Be3 39. c5 Bg1 1/2-1/2

[Event "AUTO-ADV-318"]
[Site "http://www.queenalice.com/game.php?id=226239"]
[Date "2007.6.16"]
[Round "2"]
[White "giha"]
[Black "salso"]
[Result "1/2-1/2"]
[WhiteElo "1851"]
[BlackElo "2043"]

1. e4 e6 2. d4 d5 3. Nc3 Nf6 4. e5 Nfd7 5. Nf3 a6 6. Bd3 c5 7. dxc5 Nc6 8. Bf4
Nxc5 9. O-O Nxd3 10. Qxd3 Bd7 11. Ne2 Nb4 12. Qb3 Bb5 13. Nfd4 Bxe2 14. Nxe2 Qc7
15. a3 Nc6 16. Qc3 Rc8 17. Rac1 Be7 18. Nd4 Nxd4 19. Qxd4 Bc5 20. Qa4+ Qc6 21.
Qxc6+ Rxc6 22. Rfe1 Ke7 23. Be3 Bxe3 24. Rxe3 Rhc8 25. c3 b5 26. Rd1 a5 27. Rd4
Rc4 28. Red3 f6 29. exf6+ gxf6 30. Kf1 Rxd4 31. Rxd4 Kd6 32. Ke2 e5 33. Rd2 Rc4
34. Rd3 b4 35. axb4 axb4 36. Kd2 bxc3+ 37. bxc3 h5 38. Rh3 h4 39. f3 Ke6 40. g4
hxg3 41. hxg3 Ra4 42. g4 d4 43. cxd4 Rxd4+ 44. Ke3 Ra4 45. Rh6 Kf7 46. Rh7+
1/2-1/2

[Event "James&Guest"]
[Site "http://www.queenalice.com/game.php?id=295744"]
[Date "2007.10.31"]
[Round "2"]
[White "Carlos75"]
[Black "giha"]
[Result "1-0"]
[WhiteElo "2435"]
[BlackElo "1912"]

1. e4 e5 2. Nf3 Nc6 3. Bb5 a6 4. Ba4 Nf6 5. O-O b5 6. Bb3 Be7 7. Re1 d6 8. c3
Na5 9. Bc2 c5 10. d4 cxd4 11. cxd4 Nc6 12. h3 O-O 13. Nc3 Bd7 14. Be3 Rc8 15.
Rc1 Qc7 16. Nd5 Qd8 17. Qd3 Re8 18. dxe5 dxe5 19. Bb6 1-0

[Event "Board 3, Div E"]
[Site "http://www.queenalice.com/game.php?id=301238"]
[Date "2007.11.9"]
[Round "1"]
[White "bg"]
[Black "giha"]
[Result "0-1"]
[WhiteElo "1816"]
[BlackElo "1910"]

1. e4 e5 2. Nf3 Nc6 3. Bb5 a6 4. Bc4 Bc5 5. O-O d6 6. d3 Bg4 7. Be3 Nd4 8. Bxd4
Bxd4 9. c3 Bb6 10. Nbd2 Nf6 11. Qb3 O-O 12. Ng5 Bh5 13. Rae1 c6 14. Qb4 d5 15.
exd5 cxd5 16. Bb3 Re8 17. Ngf3 Qc7 18. Qh4 Bg6 19. Qg5 Bxd3 0-1

[Event "James&Guest"]
[Site "http://www.queenalice.com/game.php?id=315674"]
[Date "2007.12.6"]
[Round "3"]
[White "giha"]
[Black "pensalo"]
[Result "0-1"]
[WhiteElo "1922"]
[BlackElo "2323"]

1. e4 e6 2. d4 d5 3. Nc3 Bb4 4. e5 Ne7 5. a3 Bxc3+ 6. bxc3 c5 7. a4 O-O 8. Nf3
Nbc6 9. Be3 Nf5 10. Qd2 Nxe3 11. Qxe3 Qa5 12. Qd2 f6 13. Be2 Bd7 14. exf6 Rxf6
15. O-O cxd4 16. Nxd4 Nxd4 17. Qxd4 e5 18. Qb4 Qxb4 19. cxb4 Rc8 20. Ra2 Bf5 21.
Bd3 e4 22. Be2 Rfc6 23. Rc1 d4 24. Bb5 Rb6 25. Rb1 Rc3 26. Rab2 Rd6 27. Rd1 g5
28. h3 Kf7 29. Be2 Kf6 30. Kf1 Ke5 31. a5 Rdc6 32. Rd2 b6 33. axb6 axb6 34. Bd1
Be6 35. Ke1 Bd5 36. Be2 Rc7 37. Bg4 Rf7 38. Re2 Bc4 39. Rd2 e3 0-1

[Event "Board 3, Div E"]
[Site "http://www.queenalice.com/game.php?id=330663"]
[Date "2008.1.4"]
[Round "2"]
[White "Sherlock6834"]
[Black "giha"]
[Result "0-1"]
[WhiteElo "2024"]
[BlackElo "1939"]

1. e4 e5 2. Nf3 Nc6 3. d4 exd4 4. Nxd4 Bc5 5. Nf3 Nf6 6. Bd3 O-O 7. O-O Re8 8.
Nc3 d6 9. Bg5 Be6 10. h3 Ne5 11. Nd5 Bxd5 12. exd5 Nxd3 13. Qxd3 h6 14. Bh4 g5
15. Nxg5 hxg5 16. Bxg5 Re5 17. Bf4 Rh5 18. g4 Rh7 19. Rae1 Qd7 20. Be3 Nxg4 21.
Bxc5 dxc5 22. hxg4 Qxg4+ 23. Qg3 Rg7 24. Kh2 Qh5+ 25. Qh3 Rh7 26. Qxh5 Rxh5+ 27.
Kg3 Rxd5 28. Re7 Rc8 29. f4 Rd2 30. Rf2 Rxf2 31. Kxf2 Kf8 32. Re5 b6 33. Ke3 Re8
34. Ke4 f6 35. Rxe8+ Kxe8 36. Kf5 Kf7 37. a4 c4 38. Ke4 Ke6 39. f5+ Kd6 40. Kd4
c6 41. c3 a5 42. Kxc4 Ke5 43. b4 Kxf5 44. bxa5 bxa5 45. Kd3 Kf4 46. Ke2 Ke4 47.
Kd2 Kf3 48. Ke1 f5 49. Kf1 f4 50. c4 c5 51. Ke1 Kg2 0-1

[Event "AUTO-ADV-2218"]
[Site "http://www.queenalice.com/game.php?id=960128"]
[Date "2011.7.14"]
[Round "1"]
[White "matamuff"]
[Black "giha"]
[Result "0-1"]
[WhiteElo "1851"]
[BlackElo "2070"]

1. c4 Nf6 2. Nf3 e6 3. Nc3 d5 4. cxd5 Nxd5 5. g3 Nc6 6. Bg2 Be7 7. a3 O-O 8. O-O
b6 9. e4 Nf6 10. Ne1 Bb7 11. Nc2 e5 12. d3 Ba6 13. b4 Bxd3 14. Re1 Bxc2 15. Qxc2
Nd4 16. Qb2 c6 17. h3 Qc7 18. Be3 Rfd8 19. Ne2 c5 20. Rac1 Qd7 21. Kh2 Rac8 22.
Ng1 Qa4 23. Ne2 cxb4 24. Nxd4 exd4 25. Rxc8 Rxc8 26. Qxd4 Bc5 27. Qc4 Qd7 28.
Bxc5 bxa3 29. Qb3 Rxc5 30. Rd1 Qc7 31. Qd3 g6 32. Qxa3 a5 33. Qb2 Nd7 34. Re1
Ne5 35. Qd4 Rc4 36. Qd5 Rc2 37. Re3 Rxf2 38. Qd1 Qc5 39. g4 Qxe3 40. Qd8+ Kg7
41. Qh4 Nf3+ 0-1

[Event "AUTO-ADV-2218"]
[Site "http://www.queenalice.com/game.php?id=960129"]
[Date "2011.7.14"]
[Round "1"]
[White "giha"]
[Black "matamuff"]
[Result "1-0"]
[WhiteElo "1988"]
[BlackElo "1869"]

1. e4 Nh6 2. d4 g6 3. Nc3 f6 4. Bc4 e6 5. Nf3 Nf7 6. O-O Bg7 7. Re1 O-O 8. Bf4
a6 9. Qd2 d6 10. Rad1 b5 11. Bb3 Re8 12. e5 d5 13. exf6 Bxf6 14. Ne5 Nd6 15.
Nxd5 Bg7 16. Bg5 Bf6 17. Bxf6 Re7 18. Nxe7+ Qxe7 19. Bxe7 Nf7 20. Qf4 1-0

[Event "AUTO-ADV-2218"]
[Site "http://www.queenalice.com/game.php?id=960140"]
[Date "2011.7.14"]
[Round "1"]
[White "Spessatto"]
[Black "giha"]
[Result "1-0"]
[WhiteElo "1843"]
[BlackElo "1979"]

1. d4 d5 2. h3 c5 3. Nf3 cxd4 4. Qxd4 Nc6 5. Qd1 Bf5 6. c3 e6 7. Bf4 Bc5 8. e3
Nf6 9. Ne5 Qb6 10. b4 Be7 11. Bd3 Bxd3 12. Qxd3 a5 13. Nxc6 bxc6 14. bxa5 Qb2
15. O-O Qxa1 16. Qc2 Rb8 17. Bxb8 Ne4 18. Be5 f6 19. Nd2 Qxf1+ 20. Kxf1 1-0

[Event "AUTO-ADV-2218"]
[Site "http://www.queenalice.com/game.php?id=960141"]
[Date "2011.7.14"]
[Round "1"]
[White "giha"]
[Black "Spessatto"]
[Result "1-0"]
[WhiteElo "1958"]
[BlackElo "1864"]

1. e4 e5 2. Nf3 Nc6 3. Bc4 Bc5 4. d3 h6 5. Nc3 a6 6. Be3 Nd4 7. Nxe5 Ne6 8. Bxc5
d6 9. Nxf7 Kxf7 10. Be3 Ne7 11. Qg4 Ng6 12. f4 Qh4+ 13. Qxh4 Nxh4 14. Kf2 Ng6
15. f5 Ne5 16. fxe6+ Bxe6 17. Bxe6+ Kxe6 18. Nd5 Rac8 19. Ke2 1-0

[Event "AUTO-ADV-2218"]
[Site "http://www.queenalice.com/game.php?id=960146"]
[Date "2011.7.14"]
[Round "1"]
[White "ClappinTheCaptain"]
[Black "giha"]
[Result "0-1"]
[WhiteElo "1837"]
[BlackElo "2084"]

1. Nf3 d5 2. d3 Nf6 3. g3 Nc6 4. Bg2 e5 5. d4 Bd6 6. Bg5 e4 7. Nh4 h6 8. Bxf6
Qxf6 9. e3 g5 10. Nf3 exf3 11. Bxf3 Nb4 12. Bg2 Bf5 13. O-O Nxc2 14. Nc3 Nxa1
15. Nxd5 Qe6 16. Qxa1 c6 17. Nc3 O-O-O 18. d5 cxd5 19. Bxd5 Qd7 20. a4 h5 21.
Nb5 Kb8 22. Qa2 Bxg3 23. fxg3 Qxd5 24. b3 Bh3 25. Re1 Qd2 26. Qxd2 Rxd2 27. Nc3
Rc8 28. Ne4 Rg2+ 29. Kf1 Rxh2+ 30. Kg1 Rcc2 0-1

[Event "AUTO-ADV-2218"]
[Site "http://www.queenalice.com/game.php?id=960147"]
[Date "2011.7.14"]
[Round "1"]
[White "giha"]
[Black "ClappinTheCaptain"]
[Result "1-0"]
[WhiteElo "2077"]
[BlackElo "1844"]

1. e4 e5 2. Nf3 Nf6 3. Nxe5 d6 4. Nf3 Nxe4 5. Qe2 d5 6. d3 Qe7 7. dxe4 dxe4 8.
Nd4 Qe5 9. Qe3 Bc5 10. c3 O-O 11. Nd2 f5 12. Bc4+ Kh8 13. N2b3 f4 14. Qe2 b6 15.
Nxc5 bxc5 16. Nb3 Bb7 17. O-O Nd7 18. Bd2 f3 19. gxf3 Rxf3 20. Rfe1 Rh3 21. f4
Qf5 22. Be3 Nf6 23. Nxc5 1-0

[Event "AUTO-MASTER-1449"]
[Site "http://www.queenalice.com/game.php?id=960345"]
[Date "2011.7.14"]
[Round "1"]
[White "razoman"]
[Black "giha"]
[Result "0-1"]
[WhiteElo "2016"]
[BlackElo "1970"]

1. d4 d5 2. c4 e6 3. Nc3 Nf6 4. c5 b6 5. b4 a5 6. Ba3 axb4 7. Bxb4 Nc6 8. a3
bxc5 9. Bxc5 Bxc5 10. dxc5 Qe7 11. Nb5 Qxc5 12. Nxc7+ Kd8 13. Rc1 Qa5+ 14. Qd2
Qxd2+ 15. Kxd2 Ne4+ 16. Ke3 Rxa3+ 17. Kf4 e5# 0-1

[Event "AUTO-MASTER-1449"]
[Site "http://www.queenalice.com/game.php?id=960346"]
[Date "2011.7.14"]
[Round "1"]
[White "giha"]
[Black "razoman"]
[Result "1-0"]
[WhiteElo "2031"]
[BlackElo "1920"]

1. e4 c5 2. Nf3 Nc6 3. d4 cxd4 4. Nxd4 a6 5. Nc3 d6 6. Be3 e5 7. Nf3 h6 8. Bc4
Nf6 9. Nd5 Nd7 10. a4 a5 11. Bb5 Be7 12. Qd2 O-O 13. Qc3 Nc5 14. Bxc6 bxc6 15.
Nxe7+ Qxe7 16. Bxc5 dxc5 17. O-O Ba6 18. Rfe1 Rfe8 19. Qxa5 Be2 20. Qc3 Bxf3 21.
Qxf3 Red8 22. b3 Qg5 23. Qc3 Rd2 24. Qxc5 Qf6 25. a5 Rad8 26. a6 R8d4 27. Rf1
Rxe4 28. a7 Rd8 29. a8=Q Rxa8 30. Rxa8+ Kh7 31. Rd1 Re2 32. Ra4 Qf5 33. Rc4 Qf6
34. Kf1 Rxf2+ 35. Qxf2 Qe6 36. Qf3 1-0

[Event "AUTO-MASTER-1449"]
[Site "http://www.queenalice.com/game.php?id=960361"]
[Date "2011.7.14"]
[Round "1"]
[White "giha"]
[Black "gedalias"]
[Result "1-0"]
[WhiteElo "2057"]
[BlackElo "1994"]

1. e4 c5 2. Nf3 Nc6 3. d4 cxd4 4. Nxd4 e6 5. Nc3 Bb4 6. Nxc6 bxc6 7. Qd4 Bxc3+
8. Qxc3 Qf6 9. e5 Qg6 10. Be3 Ne7 11. Bc5 Nd5 12. Qb3 Qe4+ 13. Be2 Qxe5 14. Be3
Nxe3 15. fxe3 Rb8 16. Qc3 Qxc3+ 17. bxc3 O-O 18. Bc4 Bb7 19. O-O c5 20. Rab1 d5
21. Be2 c4 22. Rb4 Bc6 23. Rfb1 Rxb4 24. cxb4 a6 25. c3 Ra8 26. Bd1 g5 27. g4
Rb8 28. Bc2 Kg7 29. a4 h6 30. Rf1 Bd7 31. h3 e5 32. Rd1 Bc6 33. Kf2 e4 34. Kg3
f6 35. Rf1 Kg6 36. Rf5 Re8 37. Rf2 Rf8 38. Rf5 Bd7 39. Rxd5 Bc6 40. Rd4 1-0

[Event "AUTO-MASTER-1449"]
[Site "http://www.queenalice.com/game.php?id=960362"]
[Date "2011.7.14"]
[Round "1"]
[White "gedalias"]
[Black "giha"]
[Result "0-1"]
[WhiteElo "1898"]
[BlackElo "1999"]

1. e4 e6 2. d4 d5 3. e5 c5 4. c3 Nc6 5. Bb5 Qb6 6. Bxc6+ bxc6 7. Nf3 cxd4 8.
cxd4 c5 9. O-O cxd4 10. Nxd4 Bc5 11. Nb3 Ba6 12. Nxc5 Bxf1 13. Nxe6 Qxe6 14.
Qa4+ Kf8 15. Kxf1 Qxe5 16. Qa3+ Ne7 17. g3 f6 18. Nc3 Kf7 19. Bf4 Qe6 20. Re1
Qd7 21. Na4 Ng6 22. Bd6 Rhe8 23. Rxe8 Rxe8 24. Nc3 Qh3+ 0-1

[Event "AUTO-MASTER-1449"]
[Site "http://www.queenalice.com/game.php?id=960363"]
[Date "2011.7.14"]
[Round "1"]
[White "giha"]
[Black "jepoy100"]
[Result "1-0"]
[WhiteElo "2011"]
[BlackElo "2102"]

1. e4 c5 2. Nf3 Nc6 3. d4 cxd4 4. Nxd4 d6 5. Nc3 Bd7 6. Be3 Nf6 7. f3 e6 8. Qd2
Be7 9. Ndb5 a6 10. Nxd6+ Bxd6 11. Qxd6 Qe7 12. Bc5 Qxd6 13. Bxd6 Ng8 14. e5 Nge7
15. O-O-O Bc8 16. Be2 O-O 17. Ne4 Re8 18. Bd3 Ng6 19. f4 Nxf4 20. Rdf1 Nxd3+ 21.
cxd3 Bd7 22. Ng5 f5 23. exf6 gxf6 24. Rxf6 Nd4 25. Be5 Rac8+ 26. Kb1 Bb5 27. Rf7
Nf5 28. Rxh7 Bxd3+ 29. Ka1 Re7 30. Rh8# 1-0

[Event "AUTO-MASTER-1449"]
[Site "http://www.queenalice.com/game.php?id=960364"]
[Date "2011.7.14"]
[Round "1"]
[White "jepoy100"]
[Black "giha"]
[Result "0-1"]
[WhiteElo "1998"]
[BlackElo "2043"]

1. e4 e6 2. d4 d5 3. e5 c5 4. Nf3 cxd4 5. Nxd4 Qc7 6. Nf3 Nc6 7. Bb5 Bd7 8. Bxc6
Bxc6 9. O-O Ne7 10. c3 Ng6 11. Re1 Bc5 12. Be3 b6 13. Bxc5 bxc5 14. Nbd2 Rb8 15.
b3 O-O 16. h3 Rfd8 17. Qc2 d4 18. cxd4 cxd4 19. Rac1 Rb6 20. Nc4 Ra6 21. Nd6
Nxe5 22. Nxe5 Rxd6 23. Qd3 Qb7 24. Qg3 Rd8 25. Qh4 f6 26. Red1 Bxg2 27. Rxd4
Rxd4 28. Qxd4 Bd5 29. Nd3 Rxa2 30. Nc5 Qb6 31. b4 Ra4 32. Rb1 a5 33. Qd1 Rxb4
34. Rc1 Rh4 35. Qf1 Rh5 36. Kh2 Qb8+ 37. f4 Qb2+ 38. Kg3 Qa3+ 39. Kh2 Rxh3+ 40.
Qxh3 Qxc1 0-1